|
|
|
|
| LEADER |
00000cam a2200000 7i4500 |
| 001 |
0000032868 |
| 002 |
000035475 |
| 005 |
20000331.0 |
| 020 |
|
|
|a T000003194
|
| 090 |
0 |
0 |
|a 920
|b SUM
|
| 100 |
1 |
|
|a Sumardjo, Soepeno
|f Drs
|
| 245 |
1 |
0 |
|a Mikhail Gorbachev :
|b tokoh pembaharuan abad ini
|c Drs.Soepeno Sumardjo ; pengantar B.M.Diah dan Dr.H.Roeslan Abdulgani
|
| 260 |
|
|
|a Jakarta :
|b Pustaka Yayasan 17-8-45 ,
|c 1990
|
| 300 |
|
|
|a 23p. :
|b ill. ;
|c 21cm.
|
| 600 |
0 |
0 |
|a Mikhail Gorbachev
|x Biography
|
| 700 |
0 |
|
|a B.M.Diah
|
| 700 |
0 |
|
|a Dr.H.Roeslan Abdulgani
|
| 999 |
|
|
|a 020260
|b BUKU
|c PINJAMAN
|e PERPUSTAKAAN KOMUNITI PETALING JAYA
|